LEADER 00962nam--2200325---450- 001 990003305210203316 005 20090901093628.0 010 $a0-85274-755-1 035 $a000330521 035 $aUSA01000330521 035 $a(ALEPH)000330521USA01 035 $a000330521 100 $a20090901d1984----km-y0itay50------ba 101 $aeng 102 $aGB 105 $aa---||||001yy 200 1 $aQuantum theory of gravity$eessays in honor of the 60th birthday of Bryce S DeWitt$fedited by Steven M. Christensen 210 $aBristol$cA. Hilger$dcopyr. 1984 215 $aXVI, 483 p.$cill.$d23 cm 606 0 $aTeoria della gravità 676 $a531.5 702 1$aCHRISTENSEN,$bSteven M. 801 0$aIT$bsalbc$gISBD 912 $a990003305210203316 951 $a531.5 QUA$b13346/CBS$c531.5$d00326632 959 $aBK 969 $aSCI 979 $aRSIAV7$b90$c20090901$lUSA01$h0936 996 $aQuantum theory of gravity$91121767 997 $aUNISA LEADER 00842nam0-2200277 --450 001 9910802901303321 005 20240209091220.0 010 $a0890540551 100 $a20240209d1984----kmuy0itay5050 ba 101 0 $aeng 102 $aUS 105 $aa 001yy 200 1 $aCompendium of peanut diseases$fedited by D. Morris Porter, Donald H. Smith, and R. Rodriguez-Kabana 210 $aSt. Paul$cAmerican Phytopathological Society$dc1984 215 $aVII, 73 p.$cill.$d28 cm. 225 1 $a<>disease compendium series 610 0 $aForaggere 676 $a633.3$v21$zita 702 1$aPorter,$bD. Morris 801 0$aIT$bUNINA$gREICAT$2UNIMARC 901 $aBK 912 $a9910802901303321 952 $aA PAT 1456-15$b1560/2024$fFAGBC 959 $aFAGBC 996 $aCompendium of peanut diseases$93882967 997 $aUNINA